00361nam a22001457a 450000500170000002000180001704100120003508200160004710000240006324500790008725000070016626000240017330000070019736500110020420260618102147.0 a9788197263965 aEnglish aT03 R24 STE aStephen Jeyaseela S aVeeramaamunivarin Thirukkural Laththin Mozhiaakkam, 1730, 1731, 1732, 1733 a01 aChennaibNCBHc2024 a48 b100.00